01333nam a22001697a 4500003000900000008004100009040007100050082002200121100003100143245017300174260003700347300002800384440005200412505065300464650001301117650003301130AR-CdUCM190415b ||||| |||| 00| 0 spa d aMUNICIPALIDAD PROVINCIAL DEL CUSCOcBIBLIOTECA MUNICIPAL DEL CUSCO a974.750836 /bV38 aVazquez, Andrés Clemente aBosquejo histórico de la agregación a México de Chiapas y Soconusco y de las negociaciones sobre limites entabladas por México con Centroamérica y Guatemala / aMéxico :bPorrua, S.A.,c1971. a661 páginas ;c21 cm. aArchivo histórico diplomático Mexicano.n36 aContenido :El gobierno Mexicano procedió con grande actividad el nombramiento del señor Bonilla y en la preparación de su viaje, dándole instrucciones al propio señor Bonilla para el arreglo de os limites con Centro América -- Datos que el gobierno de Chiapas remitió al señor Bonilla, acerca de la cuestión de limites --Injurias hechas en Guatemala al señor Bonilla y a México -- Males causados en Socomusco por el desertor mexicano don António José Martínez, como jefe del ejercito expedicionario de Guatemala, sobre los insurrectos acaudillados por el ex-presidente Arce -- Sucesos políticos en centro América ... aMéxico aHistoria general de México